More Countries With Letters Missing - Statistics

General Stats
  • This quiz has been taken 1,255 times
    1,253 since last reset
  • The average score is 14 of 30
Answer Stats
Hint Country % Correct
_H_N_ China
82%
_A_I Mali
81%
_A_S Laos
76%
_U_T_M_L_ Guatemala
67%
_O_O_C_ Morocco
66%
_S_A_L Israel
64%
_A_G_A_E_H Bangladesh
60%
_I_Y_ Libya
57%
_C_L_N_ Iceland
55%
_P_I_ Spain
55%
_H_N_ Ghana
48%
_A_I_I_T_N Tajikistan
48%
_A_B_A Gambia
46%
_K_A_N_ Ukraine
45%
_A_A_ Japan
42%
_A_B_A Zambia
41%
_N_O_R_ Andorra
40%
_A_B_D_A Cambodia
40%
_U_I_A_E Suriname
40%
_I_C_T_N_T_I_ Liechtenstein
36%
_A_A_ Palau
33%
_L_E_I_ Algeria
31%
_A_A_ Qatar
31%
_E_H_R_A_D_ Netherlands
28%
_R_T_E_ Eritrea
27%
_E_A_O_ Lebanon
27%
_R_E_I_ Armenia
25%
_U_T_A_I_ Australia
23%
_A_A_A_ Bahamas
23%
_I_T_A_ Vietnam
13%
No matching quizzes found
Score Distribution
Percent of People with Each Score
Percentile by Number Answered
Your Score History
You have not taken this quiz since the last reset